00486cam a22001932a 4500001000900000003001100009008004300020092000700063100002000070245003500090260001700125260002600142260000900168300000900177500004700186650003500233942000700268999001700275 019918 AR-FADEU 311216n1945####xxu####################dd eHD aLevene, Ricardo aHistoria del derecho argentino aBuenos Aires bGuillermo Kraft Ltda. c1945 a6 t. aLa Biblioteca contiene tomos 1, 2, 4-6, 11 aDERECHO-HISTORIA Y CRITICA/HD/ cHD c25643d25643